Konkurz ako spôsob riešenia krízy v ekonomike vybraného podniku bakalárska práca

Salvato in:
Dettagli Bibliografici
Autore principale: Rusnáková, Katarína
Ente Autore: Podnikovohospodárska fakulta EU so sídlom v Košiciach. Katedra ekonómie
Altri autori: Molčanyiová, Slávka
Natura: Libro
Lingua:slovacco
Pubblicazione: Košice 2012
Tags: Aggiungi Tag
Nessun Tag, puoi essere il primo ad aggiungerne!!

MARC

LEADER 00000nbm a2200000 4500
001 0155691
005 20240827092511.5
041 0 |a slo 
044 |a SK 
245 1 0 |a Konkurz ako spôsob riešenia krízy v ekonomike vybraného podniku  |b bakalárska práca  |c Katarína Rusnáková ; školiteľ: Slávka Molčanyiová 
264 1 |a Košice  |c 2012 
300 |a 49 s. 
100 1 |a Rusnáková, Katarína 
700 1 |a Molčanyiová, Slávka 
710 2 |a Podnikovohospodárska fakulta EU so sídlom v Košiciach. Katedra ekonómie